000 00627nam a2200205Ia 4500
003 GCL
008 140319s9999 xx 000 0 ara d
040 _aGCL /
_cGCL
082 0 4 _a001.6424
_bم ل
100 1 _aمحمد السعيد خشبة
245 1 0 _aلغة البيسك /
_cمحمد السعيد خشبة
260 _a[S.N] :
_bيوسف شلالة
300 _a103 ص
490 _aالكمبيوتر للتلاميذ والمبتدئين
_v0
650 0 4 _aالاطفال
650 0 4 _aالحاسبات الالكترونية
650 0 4 _aتعليم الاطفال
650 0 4 _aباسيك
942 _2ddc
_cBK
999 _c48093
_d48093